Сравнительный анализ расчётных и экспериментальных характеристик работы электрофильтра; Энергия молодых - экономике России; Ч. 1

Dades bibliogràfiques
Parent link:Энергия молодых - экономике России: труды VII Международной научно-практической конференции студентов и молодых ученых, г. Томск, 20-23 марта 2006 г./ Томский политехнический университет (ТПУ) ; Вольное экономическое общество России ; под ред. В. В. Еремина.— , 2006
Ч. 1.— 2006.— С. 565-567
Autor principal: Гузеева Т. Н.
Altres autors: Фаустова И. Л., Гузеев В. В.
Idioma:rus
Publicat: 2006
Matèries:
Format: Capítol de llibre
KOHA link:https://koha.lib.tpu.ru/cgi-bin/koha/opac-detail.pl?biblionumber=215217

MARC

LEADER 00000naa2a2200000 4500
001 215217
005 20231031193805.0
035 |a (RuTPU)RU\TPU\book\235117 
035 |a RU\TPU\book\235116 
090 |a 215217 
100 |a 20120505d2006 k y0rusy50 ca 
101 0 |a rus 
102 |a RU 
200 1 |a Сравнительный анализ расчётных и экспериментальных характеристик работы электрофильтра  |f Т. Н. Гузеева, И. Л. Фаустова, В. В. Гузеев 
461 0 |0 (RuTPU)RU\TPU\book\144982  |t Энергия молодых - экономике России  |o труды VII Международной научно-практической конференции студентов и молодых ученых, г. Томск, 20-23 марта 2006 г.  |o в 2 ч.  |f Томский политехнический университет (ТПУ) ; Вольное экономическое общество России ; под ред. В. В. Еремина  |d 2006 
463 0 |0 (RuTPU)RU\TPU\book\136702  |t Ч. 1  |v С. 565-567  |d 2006 
610 1 |a труды учёных ТПУ 
700 1 |a Гузеева  |b Т. Н. 
701 1 |a Фаустова  |b И. Л. 
701 1 |a Гузеев  |b В. В. 
801 1 |a RU  |b 63413507  |c 20120505 
801 2 |a RU  |b 63413507  |c 20161007  |g RCR 
942 |c BK